Family Bands - Statistics

General Stats
  • This quiz has been taken 21,824 times
    21,822 since last reset
  • The average score is 10 of 19
Answer Stats
Family Members Last Name Band % Correct
Jackie, Tito, Jermaine, Marlon, Michael - The {Jackson} 5
93%
Jack, Meg - The {White} Stripes
82%
Barry, Robin, Maurice Gibb Bee Gees
74%
Noel, Liam Gallagher Oasis
72%
Paul, Linda McCartney Wings
70%
Dennis, Carl, Brian Wilson The Beach Boys
67%
Joe, Kevin, Nick - The {Jonas} Brothers
65%
Richard, Karen - The {Carpenter}s
58%
Alan, Wayne, Merrill, Jay, Donny, Jimmy - The {Osmond}s
53%
Greg, Duane - The {Allman} Brothers Band
51%
Eddie, Alex - {Van} {Halen}
49%
Isaac, Taylor, Zac - {Hanson}
48%
John, Tom Fogerty Creedence Clearwater Revival
44%
John, Christine McVie Fleetwood Mac
43%
Gloria, Emilio Estefan Miami Sound Machine
42%
Naomi, Wynonna - The {Judd}s
41%
Ann, Nancy Wilson Heart
38%
Nick, Drew Lachey 98 Degrees
28%
Caleb, Nathan, Jared, Matthew Followill Kings of Leon
21%
No matching quizzes found
Score Distribution
Percent of People with Each Score
Percentile by Number Answered
Your Score History
You have not taken this quiz since the last reset